[Event "Mittelfrank Regionalliga Sud-Ost 2223"]
[Site "Mittelfranken"]
[Date "2022.12.11"]
[Round "4.4"]
[White "Bauer, Robert"]
[Black "Rassl, Bernhard"]
[Result "1-0"]
[WhiteElo "2085"]
[BlackElo "1966"]
[PlyCount "75"]
[EventDate "2022.10.09"]
[EventType "team-tourn"]
[EventRounds "9"]
[EventCountry "GER"]
[SourceTitle "EXT 2024"]
[Source "ChessBase"]
[SourceDate "2023.10.10"]
[SourceVersion "1"]
[SourceVersionDate "2023.10.10"]
[SourceQuality "1"]
[WhiteTeam "Freising"]
[BlackTeam "Tegernsee"]
[WhiteTeamCountry "GER"]
[BlackTeamCountry "GER"]

1. e4 d6 2. d4 Nf6 3. Nc3 c6 4. Nf3 Bg4 5. h3 Bh5 6. g4 Bg6 7. Qe2 h5 8. g5 Nfd7 9. Nh4 e5 10. d5 Be7 11. Rg1 Nb6 12. Be3 N8d7 13. 0-0-0 Rc8 14. f4 exf4 15. Bxf4 0-0 16. Qh2 cxd5 17. exd5 Ne5 18. Nxg6 Nxg6 19. Be2 Nc4 20. Bxc4 Rxc4 21. Be3 Ne5 22. Qe2 g6 23. Kb1 a6 24. Bd4 Qc7 25. Ne4 Rc8 26. c3 Qd8 27. b3 Rxd4 28. Rxd4 Qd7 29. Qe3 Qf5 30. Kb2 Qf3 31. Rg3 Qf1 32. Qf2 Qb5 33. Ka1 Qd7 34. Qf4 Qd8 35. Kb2 Kg7 36. Qd2 Qb6 37. Rb4 Nc4+ 38. bxc4 1-0

[Event "Regionalliga Sued-West 1819"]
[Site "Bayern"]
[Date "2018.12.16"]
[Round "4.7"]
[White "Rassl, Bernhard"]
[Black "Lerch, Martin"]
[Result "1/2-1/2"]
[WhiteElo "2003"]
[BlackElo "2012"]
[PlyCount "62"]
[EventDate "2018.10.21"]
[EventType "team-tourn"]
[EventRounds "9"]
[EventCountry "GER"]
[SourceTitle "EXT 2022"]
[Source "ChessBase"]
[SourceDate "2021.10.06"]
[SourceVersion "1"]
[SourceVersionDate "2021.10.06"]
[SourceQuality "1"]
[WhiteTeam "Haar"]
[BlackTeam "Zugzwang MSA II"]
[WhiteTeamCountry "GER"]
[BlackTeamCountry "GER"]

1. d3 e5 2. Nf3 Nc6 3. c3 d5 4. Nbd2 Be6 5. b4 a6 6. Bb2 f6 7. e4 Nh6 8. Be2 Be7 9. 0-0 0-0 10. a4 Qd7 11. b5 axb5 12. axb5 Rxa1 13. Qxa1 Nd8 14. d4 dxe4 15. Nxe4 Bd5 16. Ng3 Bxf3 17. Bxf3 exd4 18. c4 Bc5 19. Ne4 b6 20. Rd1 Ne6 21. Qa7 Rd8 22. Nxc5 bxc5 23. Bd5 Nf7 24. b6 Nf4 25. b7 Qe8 26. Qxc5 Nxd5 27. cxd5 d3 28. Qxc7 d2 29. Qc3 Rxd5 30. Qe3 Rd8 31. Qxe8+ Rxe8 1/2-1/2

[Event "Regionalliga Sued-West 1819"]
[Site "Bayern"]
[Date "2018.11.25"]
[Round "3.6"]
[White "Rassl, Bernhard"]
[Black "Osten, David"]
[Result "1-0"]
[WhiteElo "2003"]
[BlackElo "1946"]
[PlyCount "45"]
[EventDate "2018.10.21"]
[EventType "team-tourn"]
[EventRounds "9"]
[EventCountry "GER"]
[SourceTitle "EXT 2022"]
[Source "ChessBase"]
[SourceDate "2021.10.06"]
[SourceVersion "1"]
[SourceVersionDate "2021.10.06"]
[SourceQuality "1"]
[WhiteTeam "Haar"]
[BlackTeam "Garching III"]
[WhiteTeamCountry "GER"]
[BlackTeamCountry "GER"]

1. d3 e5 2. Nf3 Nc6 3. c3 d5 4. Nbd2 Bc5 5. b4 Bd6 6. Bb2 f6 7. e4 Nge7 8. Be2 Be6 9. 0-0 Ng6 10. b5 Nce7 11. d4 c6 12. c4 0-0 13. dxe5 fxe5 14. Ng5 Bd7 15. exd5 cxd5 16. cxd5 Nf5 17. Nde4 Qe7 18. g3 Rad8 19. Bd3 Bb4 20. Nxh7 Nf4 21. gxf4 Qh4 22. Nxf8 Qh3 23. Ng5 1-0

[Event "Regionalliga Sued-West 1819"]
[Site "Bayern"]
[Date "2018.11.11"]
[Round "2.7"]
[White "Rassl, Bernhard"]
[Black "Groenegress, Wilfried"]
[Result "1-0"]
[WhiteElo "2003"]
[BlackElo "1984"]
[PlyCount "31"]
[EventDate "2018.10.21"]
[EventType "team-tourn"]
[EventRounds "9"]
[EventCountry "GER"]
[SourceTitle "EXT 2022"]
[Source "ChessBase"]
[SourceDate "2021.10.06"]
[SourceVersion "1"]
[SourceVersionDate "2021.10.06"]
[SourceQuality "1"]
[WhiteTeam "Haar"]
[BlackTeam "Tuerkheim/Bad Woerishofen"]
[WhiteTeamCountry "GER"]
[BlackTeamCountry "GER"]

1. d3 d5 2. Nf3 c6 3. Nbd2 g6 4. e4 Bg7 5. Be2 Nd7 6. 0-0 e5 7. c3 Ne7 8. d4 0-0 9. dxe5 Nxe5 10. Nd4 dxe4 11. Nxe4 Nf5 12. Nxf5 Bxf5 13. Nd6 Qd7 14. f4 Be6 15. fxe5 Bxe5 16. Nc4 1-0

[Event "Bayern-chI Bank Hofmann 22nd"]
[Site "Tegernsee"]
[Date "2018.11.04"]
[Round "9"]
[White "Rassl, Bernhard"]
[Black "Sahin, Ozgun"]
[Result "1/2-1/2"]
[WhiteElo "2056"]
[BlackElo "2208"]
[PlyCount "83"]
[EventDate "2018.10.27"]
[EventType "swiss"]
[EventRounds "9"]
[EventCountry "GER"]
[SourceTitle "CBM 187 Extra"]
[Source "ChessBase"]
[SourceDate "2018.11.04"]
[SourceVersion "1"]
[SourceVersionDate "2018.11.04"]
[SourceQuality "1"]

1. e4 c5 2. d3 Nc6 3. f4 d5 4. Nd2 dxe4 5. dxe4 e5 6. f5 g6 7. fxg6 hxg6 8. Ngf3 Bg4 9. Be2 Qc7 10. c3 0-0-0 11. Qc2 f5 12. Bd3 Qd7 13. Bb5 Bd6 14. Nc4 fxe4 15. Ng5 Be7 16. 0-0 Rh5 17. Nf7 Rf8 18. Bxc6 Qxc6 19. Qxe4 Qxe4 20. Nfd6+ Kc7 21. Nxe4 Rxf1+ 22. Kxf1 Rxh2 23. Nf2 Bf5 24. Nxe5 Bd6 25. Bf4 Rh4 26. g3 Rh7 27. g4 Bxg4 28. Nxg6 Bf5 29. Bxd6+ Kxd6 30. Rd1+ Kc6 31. Ne5+ Kb5 32. Rd6 Bb1 33. c4+ Ka5 34. Rd1 Bf5 35. Rd5 Rc7 36. Nfd3 b6 37. b4+ Ka4 38. bxc5 Ka3 39. cxb6 axb6 40. Rd8 Rc8 41. Rd6 Kxa2 42. Rxb6 1/2-1/2

[Event "Regionalliga Sued-West 1718"]
[Site "Bayern"]
[Date "2018.01.21"]
[Round "5.6"]
[White "Rassl, Bernhard"]
[Black "Jankowski, Moritz"]
[Result "1/2-1/2"]
[WhiteElo "1969"]
[BlackElo "1857"]
[PlyCount "40"]
[EventDate "2017.10.22"]
[EventType "team-tourn"]
[EventRounds "9"]
[EventCountry "GER"]
[SourceTitle "EXT 2022"]
[Source "ChessBase"]
[SourceDate "2021.10.06"]
[SourceVersion "1"]
[SourceVersionDate "2021.10.06"]
[SourceQuality "1"]
[WhiteTeam "Haar"]
[BlackTeam "Marktoberdorf"]
[WhiteTeamCountry "GER"]
[BlackTeamCountry "GER"]

1. e4 e5 2. d4 exd4 3. c3 Nc6 4. cxd4 d5 5. e5 Bf5 6. a3 f6 7. exf6 Nxf6 8. Nf3 Bd6 9. Nc3 0-0 10. Be2 Ne7 11. Nb5 c6 12. Nxd6 Qxd6 13. Ne5 Ne4 14. f3 Nc5 15. 0-0 Ne6 16. f4 Be4 17. Be3 Nf5 18. Qd2 Rae8 19. b4 a6 20. g3 Nxe3 1/2-1/2

[Event "Regionalliga Sued-West 1718"]
[Site "Bayern"]
[Date "2017.12.10"]
[Round "4.8"]
[White "Stoll, Stefan"]
[Black "Rassl, Bernhard"]
[Result "0-1"]
[WhiteElo "1778"]
[BlackElo "1969"]
[PlyCount "70"]
[EventDate "2017.10.22"]
[EventType "team-tourn"]
[EventRounds "9"]
[EventCountry "GER"]
[SourceTitle "EXT 2022"]
[Source "ChessBase"]
[SourceDate "2021.10.06"]
[SourceVersion "1"]
[SourceVersionDate "2021.10.06"]
[SourceQuality "1"]
[WhiteTeam "Mering"]
[BlackTeam "Haar"]
[WhiteTeamCountry "GER"]
[BlackTeamCountry "GER"]

1. d4 Nf6 2. c4 g6 3. Nc3 d5 4. cxd5 Nxd5 5. e4 Nxc3 6. bxc3 Bg7 7. Bc4 0-0 8. Ne2 c5 9. 0-0 Nc6 10. Be3 e6 11. Rb1 Qc7 12. d5 Rd8 13. Bb3 exd5 14. Bxd5 Ne7 15. c4 Nxd5 16. cxd5 Qe7 17. Qc2 b6 18. Bd2 f5 19. f3 Re8 20. Rfe1 fxe4 21. Ng3 Bd4+ 22. Kh1 e3 23. Bc1 Bb7 24. Ne4 Bxd5 25. Bxe3 Bxe4 26. fxe4 Qxe4 27. Qb3+ Qe6 28. Qxe6+ Rxe6 29. Bxd4 Rxe1+ 30. Rxe1 cxd4 31. Kg1 Kf7 32. Kf2 Rd8 33. Kf3 d3 34. Rd1 d2 35. Ke3 Ke6 0-1

[Event "Munich OIS op 37th"]
[Site "Munich"]
[Date "2017.10.08"]
[Round "9"]
[White "Rassl, Bernhard"]
[Black "Unger, Michael"]
[Result "1/2-1/2"]
[WhiteElo "2086"]
[BlackElo "2164"]
[PlyCount "31"]
[EventDate "2017.09.30"]
[EventType "swiss"]
[EventRounds "9"]
[EventCountry "GER"]
[SourceTitle "CBM 181 Extra"]
[Source "ChessBase"]
[SourceDate "2017.12.12"]
[SourceVersion "1"]
[SourceVersionDate "2017.12.12"]
[SourceQuality "1"]

1. d3 e5 2. Nf3 Nc6 3. c3 d5 4. Nbd2 Nf6 5. e4 Be7 6. Be2 0-0 7. 0-0 h6 8. b4 a6 9. Bb2 Re8 10. a4 Bd6 11. Re1 Ne7 12. exd5 Nexd5 13. Bf1 Bg4 14. Nc4 b5 15. Nxd6 cxd6 16. h3 1/2-1/2

[Event "Munich OIS op 37th"]
[Site "Munich"]
[Date "2017.10.02"]
[Round "3"]
[White "Rassl, Bernhard"]
[Black "Schmidt, Walter1"]
[Result "1-0"]
[WhiteElo "2086"]
[BlackElo "1918"]
[PlyCount "52"]
[EventDate "2017.09.30"]
[EventType "swiss"]
[EventRounds "9"]
[EventCountry "GER"]
[SourceTitle "CBM 181 Extra"]
[Source "ChessBase"]
[SourceDate "2017.12.12"]
[SourceVersion "1"]
[SourceVersionDate "2017.12.12"]
[SourceQuality "1"]

1. d3 d5 2. Nf3 Nf6 3. Bg5 e6 4. Nbd2 Be7 5. e4 dxe4 6. dxe4 h6 7. Bh4 0-0 8. Bd3 Nc6 9. a3 e5 10. Nc4 Nd7 11. Bg3 Bf6 12. 0-0 Re8 13. c3 Nc5 14. Bc2 Bg4 15. Qe2 Qe7 16. Ne3 Bxf3 17. Qxf3 Qe6 18. Nd5 Bd8 19. b4 Nd7 20. Bb3 Qg6 21. Rad1 Nf6 22. Rfe1 a6 23. Bh4 Rc8 24. a4 Nb8 25. Qh3 Nfd7 26. Bxd8 Rexd8 1-0

[Event "Regionalliga SW 1516"]
[Site "Bayern"]
[Date "2015.12.13"]
[Round "4.7"]
[White "Zellweger, Wilfried"]
[Black "Rassl, Bernhard"]
[Result "1/2-1/2"]
[WhiteElo "1892"]
[BlackElo "1967"]
[PlyCount "92"]
[EventDate "2015.10.11"]
[EventType "team-tourn"]
[EventRounds "9"]
[EventCountry "GER"]
[SourceTitle "EXT 2018"]
[Source "ChessBase"]
[SourceDate "2017.10.13"]
[SourceVersion "1"]
[SourceVersionDate "2017.10.13"]
[SourceQuality "1"]
[WhiteTeam "Tuerkheim/Bad Woerishofen"]
[BlackTeam "Haar"]
[WhiteTeamCountry "GER"]
[BlackTeamCountry "GER"]

1. e4 d6 2. d4 Nf6 3. Nc3 c6 4. f4 Qa5 5. Bd3 e5 6. dxe5 dxe5 7. Nf3 Nbd7 8. 0-0 Bd6 9. Kh1 Qc7 10. f5 Nc5 11. Qe1 0-0 12. h3 b5 13. Nd1 Ba6 14. Bg5 Be7 15. Nf2 Nh5 16. Kh2 Bxg5 17. Nxg5 f6 18. Nf3 Nf4 19. b4 Na4 20. g3 Nxd3 21. Nxd3 c5 22. bxc5 Nxc5 23. Qe3 Nxd3 24. cxd3 Rfd8 25. Rfd1 Qc2+ 26. Rd2 Qc3 27. Rad1 Rd7 28. Qf2 Bb7 29. g4 Rad8 30. Qe3 h6 31. h4 Kf7 32. g5 hxg5 33. hxg5 Rh8+ 34. Kg3 Ba6 35. Nh4 b4 36. Ng6 Rhd8 37. gxf6 gxf6 38. Qh6 Rxd3+ 39. Rxd3 Rxd3+ 40. Rxd3 Qxd3+ 41. Kh2 Qe2+ 42. Kg1 Qe1+ 43. Kh2 Qf2+ 44. Kh1 Qe1+ 45. Kh2 Qe2+ 46. Kg1 Qg4+ 1/2-1/2

[Event "Regionalliga SW 1415"]
[Site "Bayern"]
[Date "2015.02.01"]
[Round "6.8"]
[White "Rassl, Bernhard"]
[Black "Mueller, Marcus"]
[Result "0-1"]
[WhiteElo "1967"]
[BlackElo "2160"]
[PlyCount "78"]
[EventDate "2014.10.19"]
[EventType "team-tourn"]
[EventRounds "9"]
[EventCountry "GER"]
[SourceTitle "EXT 2018"]
[Source "ChessBase"]
[SourceDate "2017.10.13"]
[SourceVersion "1"]
[SourceVersionDate "2017.10.13"]
[SourceQuality "1"]
[WhiteTeam "Haar"]
[BlackTeam "Garching II"]
[WhiteTeamCountry "GER"]
[BlackTeamCountry "GER"]

1. d3 c5 2. Nf3 Nc6 3. Nbd2 g6 4. e4 Bg7 5. Be2 d6 6. 0-0 Nf6 7. c3 e5 8. Re1 0-0 9. Nb3 Re8 10. Bf1 Qb6 11. Nfd2 Be6 12. Nc4 Qc7 13. a4 b6 14. f3 d5 15. exd5 Nxd5 16. a5 Rad8 17. Na3 bxa5 18. Nc4 Nf4 19. Qc2 Bxc4 20. dxc4 Ne6 21. Be3 Qb6 22. Ra3 Rb8 23. Qf2 Bf8 24. Rb1 f5 25. Qc2 Red8 26. Bd3 Rb7 27. g4 e4 28. fxe4 f4 29. Bf2 Ne5 30. Be2 Ng5 31. h4 Nh3+ 32. Kg2 Nxf2 33. Kxf2 f3 34. Bf1 Nxg4+ 35. Kxf3 Rf7+ 36. Kxg4 Qe6+ 37. Kg3 Bd6+ 38. Kg2 Qg4+ 39. Kh1 Rdf8 0-1

[Event "Regionalliga SW 1314"]
[Site "Bayern"]
[Date "2014.02.23"]
[Round "7.8"]
[White "Rassl, Bernhard"]
[Black "Kalinin, Oleksandr"]
[Result "0-1"]
[WhiteElo "1971"]
[BlackElo "2053"]
[PlyCount "72"]
[EventDate "2013.10.13"]
[EventType "team-tourn"]
[EventRounds "9"]
[EventCountry "GER"]
[SourceTitle "EXT 2015"]
[Source "ChessBase"]
[SourceDate "2014.11.20"]
[SourceVersion "1"]
[SourceVersionDate "2014.11.20"]
[SourceQuality "1"]
[WhiteTeam "Haar"]
[BlackTeam "Muenchen 36"]
[WhiteTeamCountry "GER"]
[BlackTeamCountry "GER"]

1. e4 e6 2. d4 d5 3. e5 c5 4. c3 Qb6 5. Nf3 Nc6 6. a3 Nh6 7. b4 cxd4 8. cxd4 Nf5 9. Bb2 Be7 10. Bd3 0-0 11. 0-0 g6 12. Nc3 Nfxd4 13. Nxd4 Qxd4 14. Na4 Qf4 15. g3 Qh6 16. b5 Na5 17. Rc1 Rd8 18. Rc7 Qf8 19. Qf3 b6 20. Nc3 Nb3 21. Ne2 Nd2 22. Qg4 Nxf1 23. Kxf1 Rd7 24. Rc3 Rb7 25. Nd4 Bd7 26. Nc6 Bc5 27. Qh4 Bxc6 28. bxc6 Rc7 29. Ba6 Rxc6 30. Bb7 Be7 31. Qa4 Rxc3 32. Bxc3 Rb8 33. Qxa7 Qd8 34. Ba6 Bxa3 35. Bb5 Ra8 36. Qb7 Qc8 0-1

[Event "Regionalliga SW 1213"]
[Site "Bayern"]
[Date "2013.03.17"]
[Round "8.5"]
[White "Schmidt, Thomas1"]
[Black "Rassl, Bernhard"]
[Result "1/2-1/2"]
[WhiteElo "1837"]
[BlackElo "1928"]
[PlyCount "56"]
[EventDate "2012.10.14"]
[EventType "team-tourn"]
[EventRounds "9"]
[EventCountry "GER"]
[SourceTitle "EXT 2015"]
[Source "ChessBase"]
[SourceDate "2014.11.20"]
[SourceVersion "1"]
[SourceVersionDate "2014.11.20"]
[SourceQuality "1"]
[WhiteTeam "Tuerkheim/Bad Woerishofen"]
[BlackTeam "Haar"]
[WhiteTeamCountry "GER"]
[BlackTeamCountry "GER"]

1. e4 d6 2. d4 Nf6 3. Nc3 c6 4. f4 Qa5 5. e5 Ne4 6. Qf3 f5 7. exf6 Nxf6 8. Bd3 Na6 9. Bd2 Nb4 10. Ne4 Nxd3+ 11. Qxd3 Qd5 12. Nxf6+ exf6 13. Kf2 Bf5 14. Qe2+ Kd7 15. Bc3 Re8 16. Qd2 Qe4 17. Rc1 d5 18. Ne2 Bg4 19. Ng3 Qg6 20. Rhe1 Bd6 21. Bb4 Rxe1 22. Rxe1 Re8 23. Bxd6 Rxe1 24. Kxe1 Kxd6 25. f5 Qe8+ 26. Kf2 Kd7 27. h3 Bh5 28. Qa5 a6 1/2-1/2

[Event "Regionalliga SW 1213"]
[Site "Bayern"]
[Date "2012.11.11"]
[Round "2.5"]
[White "Rassl, Bernhard"]
[Black "Folly, Gerhard"]
[Result "1-0"]
[WhiteElo "1928"]
[BlackElo "1971"]
[PlyCount "69"]
[EventDate "2012.10.14"]
[EventType "team-tourn"]
[EventRounds "9"]
[EventCountry "GER"]
[SourceTitle "EXT 2015"]
[Source "ChessBase"]
[SourceDate "2014.11.20"]
[SourceVersion "1"]
[SourceVersionDate "2014.11.20"]
[SourceQuality "1"]
[WhiteTeam "Haar"]
[BlackTeam "Kaufbeuren"]
[WhiteTeamCountry "GER"]
[BlackTeamCountry "GER"]

1. e4 c6 2. d4 d5 3. f3 g6 4. Nc3 Bg7 5. Be3 Nf6 6. Qd2 dxe4 7. Nxe4 Nbd7 8. Bd3 Nd5 9. Bg5 h6 10. Bh4 Qb6 11. c3 N7f6 12. Ne2 Bf5 13. Nxf6+ Nxf6 14. Bxf5 gxf5 15. Nf4 0-0-0 16. Bf2 Qa6 17. Nd3 Nd5 18. 0-0 Bf6 19. Rfe1 Rhg8 20. a4 Rg7 21. Kh1 Rdg8 22. Rg1 Bg5 23. f4 Bf6 24. b4 Qc4 25. Ra3 Nb6 26. Nb2 Qd5 27. Be3 Qe4 28. c4 Rd8 29. a5 Na8 30. Rd3 Nc7 31. Na4 Qe6 32. d5 cxd5 33. Bxa7 Na8 34. cxd5 Qe4 35. Rc1+ 1-0

[Event "Regionalliga SW 1112"]
[Site "Bayern"]
[Date "2012.04.15"]
[Round "9.5"]
[White "Caspers, Christian"]
[Black "Rassl, Bernhard"]
[Result "0-1"]
[WhiteElo "2056"]
[BlackElo "1951"]
[PlyCount "73"]
[EventDate "2011.10.02"]
[EventType "team-tourn"]
[EventRounds "9"]
[EventCountry "GER"]
[SourceTitle "EXT 2015"]
[Source "ChessBase"]
[SourceDate "2014.11.20"]
[SourceVersion "1"]
[SourceVersionDate "2014.11.20"]
[SourceQuality "1"]
[WhiteTeam "Muenchen Siemens"]
[BlackTeam "Haar"]
[WhiteTeamCountry "GER"]
[BlackTeamCountry "GER"]

1. d4 Nf6 2. c4 g6 3. Nc3 d5 4. Nf3 Bg7 5. Bg5 Ne4 6. Bh4 Nxc3 7. bxc3 dxc4 8. Qa4+ c6 9. Qxc4 Be6 10. Qd3 b5 11. e4 Bc4 12. Qc2 Bxf1 13. Kxf1 Nd7 14. Ke2 Nb6 15. Rhd1 Rc8 16. Rac1 Nc4 17. Bg3 Qa5 18. Nd2 Nxd2 19. Rxd2 0-0 20. Rd3 Rfd8 21. f4 e6 22. Rcd1 Qa6 23. Bh4 Rd7 24. g4 Qb7 25. Kf2 b4 26. c4 a5 27. f5 exf5 28. gxf5 Re8 29. f6 Rxe4 30. Rh3 Rf4+ 31. Kg2 Bxf6 32. Bxf6 Rxf6 33. Qd2 h5 34. Qh6 Re6 35. Rd2 Qa6 36. Rg3 Qxc4 37. Kh3 0-1

[Event "Regionalliga SW 1112"]
[Site "Bayern"]
[Date "2012.02.05"]
[Round "6.6"]
[White "Eisfeld, Klaus"]
[Black "Rassl, Bernhard"]
[Result "0-1"]
[WhiteElo "1831"]
[BlackElo "1921"]
[PlyCount "45"]
[EventDate "2011.10.02"]
[EventType "team-tourn"]
[EventRounds "9"]
[EventCountry "GER"]
[SourceTitle "EXT 2020"]
[Source "ChessBase"]
[SourceDate "2019.10.17"]
[SourceVersion "1"]
[SourceVersionDate "2019.10.17"]
[SourceQuality "1"]
[WhiteTeam "Muenchen RTA"]
[BlackTeam "Haar"]
[WhiteTeamCountry "GER"]
[BlackTeamCountry "GER"]

1. c4 Nf6 2. g3 g6 3. Bg2 d5 4. cxd5 Nxd5 5. Nc3 Nb6 6. d4 Bg7 7. e3 0-0 8. Nge2 Nc6 9. 0-0 e5 10. Bxc6 bxc6 11. dxe5 Qe7 12. f4 Ba6 13. Qc2 c5 14. e4 Rfd8 15. Rd1 Rxd1+ 16. Nxd1 Rd8 17. Nf2 g5 18. Be3 Nc4 19. Qc3 gxf4 20. Bxf4 Nxe5 21. Bxe5 Qxe5 22. Re1 Qg5 23. Qd2 0-1

[Event "Regionalliga SW 1112"]
[Site "Bayern"]
[Date "2011.11.20"]
[Round "3.6"]
[White "Stoehr, Herbert"]
[Black "Rassl, Bernhard"]
[Result "1-0"]
[WhiteElo "1930"]
[BlackElo "1951"]
[PlyCount "85"]
[EventDate "2011.10.02"]
[EventType "team-tourn"]
[EventRounds "9"]
[EventCountry "GER"]
[SourceTitle "EXT 2013"]
[Source "ChessBase"]
[SourceDate "2012.11.22"]
[SourceVersion "1"]
[SourceVersionDate "2012.11.22"]
[SourceQuality "1"]
[WhiteTeam "Schwabing SG Nord"]
[BlackTeam "Haar"]
[WhiteTeamCountry "GER"]
[BlackTeamCountry "GER"]

1. e4 d6 2. d4 Nf6 3. Bd3 e5 4. c3 exd4 5. cxd4 Nc6 6. Ne2 Be7 7. Nbc3 0-0 8. 0-0 Nb4 9. Bb1 c5 10. Ng3 cxd4 11. Qxd4 d5 12. exd5 Nbxd5 13. Nf5 Bxf5 14. Bxf5 Nxc3 15. Qxc3 Qd5 16. Qc2 g6 17. Bh3 Rfd8 18. Bh6 Qh5 19. Bf4 g5 20. Be5 Nd5 21. Bf5 Bd6 22. Rae1 Nf4 23. Bxd6 Rxd6 24. Qa4 Ne2+ 25. Kh1 Rd4 26. Qb5 a6 27. Qxe2 Qh6 28. Rd1 Rf4 29. Rd5 Qc6 30. Qd3 h6 31. Kg1 Qf6 32. Bh7+ Kg7 33. g3 Rf3 34. Qc2 Qe6 35. Be4 Rf6 36. Bg2 Rc8 37. Qd3 Qb6 38. Qd2 Re8 39. Rd7 Rfe6 40. Bd5 R6e7 41. Qc3+ Kg8 42. Rxe7 Rxe7 43. Re1 1-0

[Event "Regionalliga SW 1112"]
[Site "Bayern"]
[Date "2011.10.23"]
[Round "2.5"]
[White "Ciaffone, Daniel"]
[Black "Rassl, Bernhard"]
[Result "1-0"]
[WhiteElo "2089"]
[BlackElo "1951"]
[PlyCount "93"]
[EventDate "2011.10.02"]
[EventType "team-tourn"]
[EventRounds "9"]
[EventCountry "GER"]
[SourceTitle "EXT 2013"]
[Source "ChessBase"]
[SourceDate "2012.11.22"]
[SourceVersion "1"]
[SourceVersionDate "2012.11.22"]
[SourceQuality "1"]
[WhiteTeam "Bayern Muenchen III"]
[BlackTeam "Haar"]
[WhiteTeamCountry "GER"]
[BlackTeamCountry "GER"]

1. d4 Nf6 2. Nf3 g6 3. c4 Bg7 4. Nc3 d5 5. cxd5 Nxd5 6. e4 Nxc3 7. bxc3 0-0 8. Be2 c5 9. Rb1 b6 10. Qd2 Qc7 11. 0-0 Rd8 12. Qe3 e6 13. Rd1 Nd7 14. Qg5 Bb7 15. Qh4 e5 16. Bg5 Re8 17. d5 f6 18. d6 Qd8 19. Bc4+ Kh8 20. Bd5 Bxd5 21. Rxd5 Kg8 22. Bh6 Rc8 23. Bxg7 Kxg7 24. Qg4 f5 25. Qg3 f4 26. Qh3 Rb8 27. Ng5 Nf8 28. Nf3 Nd7 29. Rbd1 h6 30. g3 fxg3 31. hxg3 Rb7 32. Kg2 Qf6 33. Rh1 Rh8 34. Qg4 h5 35. Qg5 Rf8 36. Qe3 a6 37. Ng5 Rd8 38. f4 Re8 39. Rf1 Qd8 40. f5 Nf6 41. Qd3 gxf5 42. exf5 Qd7 43. Ne6+ Rxe6 44. fxe6 Qxe6 45. Rxf6 Qxf6 46. d7 Qd8 47. Rd6 1-0

[Event "Regionalliga SW 1011"]
[Site "Bayern"]
[Date "2010.10.10"]
[Round "1.6"]
[White "Rassl, Bernhard"]
[Black "Fuchs, Christian1"]
[Result "0-1"]
[WhiteElo "1974"]
[BlackElo "1979"]
[PlyCount "76"]
[EventDate "2010.10.10"]
[EventType "team-tourn"]
[EventRounds "9"]
[EventCountry "GER"]
[SourceTitle "EXT 2012"]
[Source "ChessBase"]
[SourceDate "2011.11.24"]
[SourceVersion "1"]
[SourceVersionDate "2011.11.24"]
[SourceQuality "1"]
[WhiteTeam "Haar"]
[BlackTeam "Krumbach II"]
[WhiteTeamCountry "GER"]
[BlackTeamCountry "GER"]

1. e4 e6 2. d4 d5 3. e5 c5 4. c3 Nc6 5. Nf3 Bd7 6. a3 Qc7 7. b4 cxd4 8. cxd4 f6 9. Bb2 Be7 10. Bd3 Rc8 11. 0-0 Nh6 12. Re1 0-0 13. Nc3 fxe5 14. dxe5 Nf5 15. Rc1 Qb8 16. Na4 b6 17. Nc3 Nd8 18. Qe2 a5 19. bxa5 bxa5 20. Nb5 Rc5 21. a4 Nc6 22. g4 Nh4 23. Nxh4 Rxc1 24. Rxc1 Bxh4 25. Rf1 Rf4 26. Bc1 Rxa4 27. Bxh7+ Kxh7 28. Qc2+ Re4 29. Nd6 Nxe5 30. Nxe4 dxe4 31. Qxe4+ Ng6 32. f4 Qb4 33. Qf3 Qb6+ 34. Be3 Qc6 35. Qh3 Qd5 36. f5 Bc6 37. fxg6+ Kg8 38. Qxh4 Qg2# 0-1

[Event "Munich OIS op"]
[Site "Munich"]
[Date "2008.10.15"]
[Round "5"]
[White "Rassl, Bernhard"]
[Black "Raykhman, Alexander"]
[Result "1/2-1/2"]
[WhiteElo "2102"]
[BlackElo "2262"]
[PlyCount "26"]
[EventDate "2008.10.11"]
[EventType "swiss"]
[EventRounds "9"]
[EventCountry "GER"]
[SourceTitle "CBM 126 Extra"]
[Source "ChessBase"]
[SourceDate "2008.11.05"]
[SourceVersion "1"]
[SourceVersionDate "2008.11.05"]
[SourceQuality "1"]

1. e4 c5 2. c3 Nf6 3. e5 Nd5 4. Nf3 e6 5. d4 cxd4 6. cxd4 d6 7. a3 Bd7 8. Bd3 Bc6 9. Qe2 Nd7 10. 0-0 Rc8 11. Re1 dxe5 12. Nxe5 Nxe5 13. dxe5 a6 1/2-1/2

[Event "Munich OIS op"]
[Site "Munich"]
[Date "2008.10.12"]
[Round "2"]
[White "Rassl, Bernhard"]
[Black "Kiese, Matthias"]
[Result "0-1"]
[WhiteElo "2102"]
[BlackElo "2258"]
[PlyCount "84"]
[EventDate "2008.10.11"]
[EventType "swiss"]
[EventRounds "9"]
[EventCountry "GER"]
[SourceTitle "CBM 126 Extra"]
[Source "ChessBase"]
[SourceDate "2008.11.05"]
[SourceVersion "1"]
[SourceVersionDate "2008.11.05"]
[SourceQuality "1"]

1. e4 c5 2. c3 d5 3. exd5 Qxd5 4. d4 Nc6 5. Nf3 Bg4 6. Be2 cxd4 7. cxd4 e6 8. Nc3 Qa5 9. 0-0 Nf6 10. Be3 Bd6 11. h3 Bh5 12. Qb3 Qb4 13. Nb5 Qxb3 14. Nxd6+ Kd7 15. axb3 Kxd6 16. g4 Bg6 17. Ne5 Nd5 18. Nxc6 Kxc6 19. Bf3 Kb6 20. Bd2 a6 21. Rfc1 Rac8 22. Bxd5 exd5 23. Rc3 Rhe8 24. Be3 Rc6 25. Rac1 Rec8 26. Bd2 Kb5 27. Re1 R8c7 28. f3 Rxc3 29. Bxc3 a5 30. Re5 Rd7 31. Re8 b6 32. Re3 Rd6 33. h4 Re6 34. Rxe6 fxe6 35. Kf2 Bc2 36. Ke3 Bxb3 37. Kf4 Bd1 38. Ke5 Bxf3 39. Kxe6 Kc4 40. Kf5 a4 41. g5 a3 42. bxa3 Kxc3 0-1